The Body in Health and Social Care : (Record no. 611551)

MARC details
000 -LEADER
fixed length control field 00477nam a2200181 a 4500
008 - FIXED-LENGTH DATA ELEMENTS--GENERAL INFORMATION
fixed length control field 260210s2006##################000#0#eng##
020 ## - INTERNATIONAL STANDARD BOOK NUMBER
ISBN 9780333776193
082 04 - DEWEY DECIMAL CLASSIFICATION NUMBER
Classification number 306.461
Item number TWI
100 1# - MAIN ENTRY--AUTHOR NAME
Personal name Twigg, Julia,
245 10 - TITLE STATEMENT
Title The Body in Health and Social Care :
260 ## - PUBLICATION, DISTRIBUTION, ETC. (IMPRINT)
Name of publisher Red Globe Press,
Year of publication 2006.
650 #0 - SUBJECT ADDED ENTRY--TOPICAL TERM
Topical Term Education.
942 ## - ADDED ENTRY ELEMENTS (KOHA)
Koha item type English Books
Holdings
Withdrawn status Lost status Damaged status Not for loan Home library Current library Shelving location Date acquired Full call number Accession Number Price effective from Koha item type
        Anna Centenary Library Anna Centenary Library 3RD FLOOR, B WING 10.02.2026 306.461 TWI 319802 10.02.2026 English Books

Find us on the map